| 000 | 00576nam a22001937a 4500 | ||
|---|---|---|---|
| 003 | OSt | ||
| 005 | 20160719175719.0 | ||
| 008 | 160713b xxu||||| |||| 00| 0 eng d | ||
| 020 | _a9781853156854 | ||
| 040 | _cDNLM. | ||
| 082 | _bWB18B235g 2005 | ||
| 100 |
_aBarakat, Nagi Giumma;Buchdahl,Roger; _910180 |
||
| 245 |
_aGet through MRCPCH part 2: _b125 Questions on Clinical Photographs |
||
| 260 |
_aLondon _bThe royal society of medicine press _c2005 |
||
| 300 |
_axi, 196p; _bill : _c24 cm. |
||
| 504 | _aIncludes index | ||
| 650 |
_aPaediatrics _93350 |
||
| 942 |
_2z _cO_SHELF |
||
| 999 |
_c4796 _d4796 |
||